000 00472nam a2200181Ia 4500
005 20250326142319.0
008 250326s9999 xx 000 0 und d
037 _aTextbook
040 _aFMSL
_beng
_cFMSL
041 _aeng
_2eng
084 _qFMSL
100 _aMathur G
_9745917
245 0 _aEconomic justice in a free society
_cMathur G
260 _aNew Delhi
_bNew Delhi, Wiley Eastern
_c1994
300 _a304p
942 _cTB
999 _c1294438
_d1294438